គណិតវិទ្យា ថ្នាក់ទី១០ : (Record no. 6905)

MARC details
000 -LEADER
fixed length control field 01948nam a22002417a 4500
001 - CONTROL NUMBER
control field 6905
003 - CONTROL NUMBER IDENTIFIER
control field FISKH
005 - DATE AND TIME OF LATEST TRANSACTION
control field 20250605112523.0
008 - FIXED-LENGTH DATA ELEMENTS--GENERAL INFORMATION
fixed length control field 250605b cb ||||| |||| 00| 0 eng d
020 ## - INTERNATIONAL STANDARD BOOK NUMBER
International Standard Book Number 9789995000721
040 ## - CATALOGING SOURCE
Original cataloging agency FISKH
Language of cataloging khr
Transcribing agency FISKH
Modifying agency FISKH
082 ## - DEWEY DECIMAL CLASSIFICATION NUMBER
Classification number 510
100 ## - MAIN ENTRY--PERSONAL NAME
Personal name Seang Lee, Ngov
245 ## - TITLE STATEMENT
Title គណិតវិទ្យា ថ្នាក់ទី១០ :
Remainder of title ភាគ២ /
Statement of responsibility, etc. លោក អុី ស៊ាងលី និង អ្នកស្រី អ៊ុក សុមុនី​
250 ## - EDITION STATEMENT
Edition statement បោះពុម្ពឆ្នាំ ២០២២
260 ## - PUBLICATION, DISTRIBUTION, ETC.
Place of publication, distribution, etc. ភ្នំពេញ :
Name of publisher, distributor, etc. គ្រឺះស្ថានបោះពុម្ពនិងចែកផ្សាយ ,
Date of publication, distribution, etc. ២០២២ .
300 ## - PHYSICAL DESCRIPTION
Extent 212 pages :
Other physical details illustrations ;
Dimensions 25 cm .
520 ## - SUMMARY, ETC.
Summary, etc. សៀវភៅ គណិតវិទ្យា ថ្នាក់ទី ១០ ជាសៀវភៅសិក្សាមូលដ្ឋានសម្រាប់សិស្សមធ្យមសិក្សាទុតិយភូមិដំបូង (ថ្នាក់ដំបូងនៃកម្រិតទី២)។ វាជាឧបករណ៍សំខាន់សម្រាប់បង្កើនជំនាញគិតវាស់វែង និងវិភាគត្រឹមត្រូវតាមរយៈការអនុវត្តន៍គណិតវិទ្យាជាអនុគមន៍ កន្សោម និងរូបវិទ្យាផ្នែកគណនា។
520 ## - SUMMARY, ETC.
Summary, etc. The Grade 10 Mathematics textbook is a foundational study resource for lower upper-secondary students (the first level of secondary education). It is an important tool for developing skills in calculation, measurement, and accurate analysis through the practice of mathematics in functions, equations, and analytical geometry.<br/><br/><br/><br/><br/>
700 ## - ADDED ENTRY--PERSONAL NAME
Personal name Navin, Chheang
Relator term Illustrator
942 ## - ADDED ENTRY ELEMENTS (KOHA)
Source of classification or shelving scheme Dewey Decimal Classification
Koha item type Khmer Books
Suppress in OPAC No
Holdings
Withdrawn status Lost status Source of classification or shelving scheme Damaged status Not for loan Collection Home library Current library Shelving location Date acquired Total Checkouts Full call number Barcode Date last seen Price effective from Koha item type
    Dewey Decimal Classification     Khmer Language Books / សៀវភៅភាសាខ្មែរ Footprints International School Library Network Toul Tom Poung Campus Footprints International School Library Network Toul Tom Poung Campus TTP Secondary Khmer Bookshelves 06/05/2025   SEA 510 2025-1546 06/05/2025 06/05/2025 Khmer Books